Visual Basic 2008
Includes index.; ludes bibliographical references and indexes.
Đã lưu trong:
| Príomhúdar: | |
|---|---|
| Údair Eile: | |
| Formáid: | Leabhar |
| Teanga: | Undetermined |
| Foilsithe: |
Boston
McGraw-Hill Higher Education
2009
|
| Ábhair: | |
| Rochtain Ar Líne: | http://lrc.tdmu.edu.vn/opac/search/detail.asp?aID=2&ID=16014 |
| Clibeanna: |
Cuir Clib Leis
Gan Chlibeanna, Bí ar an gcéad duine leis an taifead seo a chlibeáil!
|
| Thư viện lưu trữ: | Trung tâm Học liệu Trường Đại học Thủ Dầu Một |
|---|
| LEADER | 00738nam a2200205Ia 4500 | ||
|---|---|---|---|
| 001 | TDMU_16014 | ||
| 008 | 210410s9999 xx 000 0 und d | ||
| 082 | |a 005.13 | ||
| 090 | |b B102 | ||
| 100 | |a Bradley, Julia Case | ||
| 245 | 0 | |a Visual Basic 2008 | |
| 260 | |a Boston | ||
| 260 | |b McGraw-Hill Higher Education | ||
| 260 | |c 2009 | ||
| 300 | |a xxviii, 676 p | ||
| 520 | |a Includes index.; ludes bibliographical references and indexes. | ||
| 650 | |a Microsoft Visual BASIC; BASIC (Computer program language); Ngôn ngữ lập trình máy tính | ||
| 700 | |a Millspaugh, Anita C | ||
| 856 | |u http://lrc.tdmu.edu.vn/opac/search/detail.asp?aID=2&ID=16014 | ||
| 980 | |a Trung tâm Học liệu Trường Đại học Thủ Dầu Một | ||